Interrelation of Forest and Bog/ Vzaimootnoshenii︠a︡ lesa i bolota : (Record no. 2190)
[ view plain ]
| 000 -LEADER | |
|---|---|
| fixed length control field | 00867cam a22002051a 4500 |
| 001 - CONTROL NUMBER | |
| control field | 6158289 |
| 005 - DATE AND TIME OF LATEST TRANSACTION | |
| control field | 20241214082630.0 |
| 008 - FIXED-LENGTH DATA ELEMENTS--GENERAL INFORMATION | |
| fixed length control field | 860519s1967 ru a b 000 0 rusr |
| 041 1# - LANGUAGE CODE | |
| Language code of text/sound track or separate title | rus |
| Language code of summary or abstract | eng |
| 050 00 - LIBRARY OF CONGRESS CALL NUMBER | |
| Classification number | QK938.M3 |
| Item number | V8 |
| 245 00 - TITLE STATEMENT | |
| Title | Interrelation of Forest and Bog/ Vzaimootnoshenii︠a︡ lesa i bolota : |
| Remainder of title | results of station research po dannym stat︠s︡ionarnykh issledovaniĭ / |
| Statement of responsibility, etc. | [otvetstvennyĭ redaktor N.I. Pʹi︠a︡vchenko]. |
| 260 ## - PUBLICATION, DISTRIBUTION, ETC. | |
| Place of publication, distribution, etc. | Moscow,Moskva : |
| Name of publisher, distributor, etc. | Nauka Publishers, Izd-vo "Nauka", |
| Date of publication, distribution, etc. | 1976. |
| 300 ## - PHYSICAL DESCRIPTION | |
| Extent | 173 p. : |
| Other physical details | ill. ; |
| Dimensions | 22 cm. |
| 500 ## - GENERAL NOTE | |
| General note | At head of title: Akademii︠a︡ nauk SSSR. Sibirskoe otdelenie. Institut lesa i drevesiny. |
| 650 #0 - SUBJECT ADDED ENTRY--TOPICAL TERM | |
| Topical term or geographic name entry element | Marshes |
| Geographic subdivision | Russia (Federation) |
| 650 #0 - SUBJECT ADDED ENTRY--TOPICAL TERM | |
| Topical term or geographic name entry element | Forest ecology. |
| 700 1# - ADDED ENTRY--PERSONAL NAME | |
| Personal name | Pʹi︠a︡vchenko, N. I. |
| 710 2# - ADDED ENTRY--CORPORATE NAME | |
| Corporate name or jurisdiction name as entry element | Institut lesa i drevesiny (Akademii︠a︡ nauk SSSR) |
| 942 ## - ADDED ENTRY ELEMENTS (KOHA) | |
| Source of classification or shelving scheme | Library of Congress Classification |
| Koha item type | Books |
| Suppress in OPAC | No |
| 999 ## - | |
| -- | 2190 |
| -- | 2190 |
| Withdrawn status | Lost status | Source of classification or shelving scheme | Damaged status | Not for loan | Collection | Home library | Current library | Shelving location | Date acquired | Total checkouts | Full call number | Barcode | Date last seen | Copy number | Price effective from | Koha item type |
|---|---|---|---|---|---|---|---|---|---|---|---|---|---|---|---|---|
| Library of Congress Classification | Non-fiction | Science Library (Miotso) | Science Library (Miotso) | General stacks | 12/14/2024 | QK938.M3 V8 VZA | SLM00001352 | 12/14/2024 | 1 | 12/14/2024 | Books |